000 00580nam a2200205Ia 4500
005 20251121144317.0
008 230125s9999 xx 000 0 und d
020 _a978-81265-5639-7
041 _aeng
082 _a158.1
_bCHA
100 _aChauhan G S
_9215261
245 _aSoft Skills
_bAn Integrated Approach To Maximise Personality
260 _c2016
_bWiley India (p) Ltd
_aNew Delhi
300 _a244p
500 _aPersonality Development
650 _aPersonality Development
_9213420
700 _aChauhan G S & Sharma S
_9215262
906 _b111.72
942 _cBK
999 _c93974
_d93974